[Event "UOP-Knights"]
[Site "?"]
[Date "2003.04.08"]
[Round "?"]
[White "Boldingh, Edwin"]
[Black "Balicki, Jeff"]
[Result "1-0"]
[WhiteElo "1859"]
[BlackElo "1775"]
[PlyCount "63"]

1. e4 e6 2. d4 b6 3. Nc3 Bb7 4. Bd3 c5 5. Nf3 cxd4 6. Nxd4 Nc6 7. Be3 Bb4 8.
O-O Bxc3 9. bxc3 Nge7 10. f4 d6 11. Qh5 Qd7 12. a4 Rc8 13. f5 Nxd4 14. cxd4
exf5 15. exf5 Nd5 16. Bg5 Nf6 17. Rae1+ Kd8 18. Qh4 Kc7 19. Bxf6 gxf6 20. Qxf6
Rce8 21. Bb5 Bc6 22. Bxc6 Kxc6 23. d5+ Kc7 (23... Kxd5 24. Qc3 $1 (24. Rd1+ Kc6
25. Qc3+ Kb7) 24... Rxe1 25. Rxe1 Re8 (25... Rc8 26. Rd1+ Ke4 27. Qf3+ Ke5 28.
f6 Rxc2 29. Rd5+ Ke6 30. Qf5#) 26. Rd1+ Ke4 27. Qf3+ Ke5 28. f6 Qxa4 29. Rd5+
Ke6 30. Qf5#) 24. a5 bxa5 25. Ra1 a4 26. Rab1 Rhg8 27. Qc3+ Kd8 28. Rb8+ Ke7
29. Re1+ Kf8 30. Rexe8+ Qxe8 31. Rxe8+ Kxe8 32. Qc8+ 1-0

[Event "Knights-UOP"]
[Site "?"]
[Date "2003.04.08"]
[Round "?"]
[White "Augsburger, Len"]
[Black "Sajbel, Pat"]
[Result "1/2-1/2"]
[WhiteElo "1772"]
[BlackElo "1803"]
[PlyCount "47"]

1. e4 e6 2. d4 d5 3. Nd2 Nf6 4. e5 Nfd7 5. Bd3 c5 6. c3 Nc6 7. Ne2 Qb6 8. Nf3
f6 9. exf6 Nxf6 10. O-O cxd4 11. cxd4 Bd6 12. Re1 O-O 13. Nc3 Bd7 14. Rb1 a6
15. Bg5 h6 16. Bh4 Qc7 17. Rc1 Rae8 18. Bg6 Re7 19. Ne5 $1 Be8 (19... Nxe5 20.
dxe5 Bxe5 21. Nxd5) 20. Bb1 g5 21. Bg3 Qd8 22. a3 Bxe5 23. dxe5 Nh7 24. b4
1/2-1/2

[Event "Case-Chargers"]
[Site "?"]
[Date "2003.04.14"]
[Round "?"]
[White "Klinefelter, Howard"]
[Black "Dobrovolny, Chuck"]
[Result "0-1"]
[WhiteElo "1577"]
[BlackElo "1824"]
[PlyCount "40"]

1. d4 Nf6 2. e3 d5 3. Bd3 Nc6 4. Nd2 e5 5. Bb5 e4 6. f3 Bd6 7. Qe2 O-O 8. b3
Nb4 9. Qd1 (9. Nf1 a6) 9... a6 10. Be2 c5 11. a3 Nc6 12. Bb2 Re8 13. Nf1 cxd4
14. exd4 Nh5 15. g3 exf3 16. Nxf3 Bg4 17. Qd3 Qe7 18. N1d2 Nf6 19. Kd1 Ne4 20.
Re1 Nf2+ 0-1

[Event "Chargers-Case"]
[Site "?"]
[Date "2003.04.14"]
[Round "?"]
[White "McCarthy, Dan"]
[Black "Paroaon, E."]
[Result "1-0"]
[WhiteElo "1807"]
[BlackElo "1614"]
[PlyCount "57"]

1. e4 e5 2. Nf3 d6 3. d4 Nd7 4. Bc4 h6 5. Nc3 c6 6. O-O Be7 7. Be3 Ngf6 8. h3
Qc7 9. Nd2 Nf8 10. f4 exd4 11. Bxd4 Ng6 12. e5 dxe5 13. fxe5 Nxe5 14. Bxe5 Qxe5
15. Re1 Qc5+ 16. Kh1 O-O 17. Bb3 Re8 18. Nde4 Nxe4 19. Nxe4 Qb6 20. Nd6 Be6 21.
Nxe8 Rxe8 22. Bxe6 fxe6 23. Qd7 Kf8 24. Rxe6 Qb5 25. Rae1 Kf7 26. Rxe7+ Rxe7
27. Rxe7+ Kf6 28. Qe6+ Kg5 29. Rxg7+ 1-0

[Event "Chargers-Case"]
[Site "?"]
[Date "2003.04.14"]
[Round "?"]
[White "Thomas, Jerry"]
[Black "Dyzcowski, R."]
[Result "1-0"]
[WhiteElo "1571"]
[BlackElo "1492"]
[PlyCount "57"]

1. e4 e5 2. Nf3 Nc6 3. Bb5 a6 4. Ba4 Nf6 5. Nc3 h6 6. a3 d6 7. O-O b5 8. Bb3
Na5 9. Ba2 Be7 10. Re1 Bg4 11. h3 Bh5 12. Nd5 c6 13. Nxe7 Qxe7 14. b4 Nb7 15.
Bb2 Nd8 16. d4 O-O 17. dxe5 dxe5 18. Qd3 Bxf3 19. Qxf3 Re8 20. Qf5 Nb7 21. Rad1
Nd6 22. Qf3 Rad8 23. Rd3 Nc4 24. Rxd8 Rxd8 25. Bxc4 bxc4 26. Qc3 Rd4 27. Qf3
Rd2 28. Qc3 Qa7 29. Qxd2 1-0

[Event "Chargers-Case"]
[Site "?"]
[Date "2003.04.14"]
[Round "?"]
[White "Dobr, Karel"]
[Black "Zoellner, John"]
[Result "1-0"]
[WhiteElo "1414"]
[BlackElo "1333"]
[PlyCount "47"]

1. d4 d5 2. c4 c6 3. b4 Nf6 4. Nc3 h6 5. c5 b6 6. e3 Bg4 7. Be2 Bxe2 8. Ngxe2
e6 9. O-O Nbd7 10. a3 bxc5 11. bxc5 Be7 12. Rb1 Qc7 13. Ng3 O-O 14. Re1 Rfe8
15. e4 e5 16. Bb2 exd4 17. Na4 Bxc5 18. Nxc5 Nxc5 19. exd5 d3 20. Bxf6 gxf6 21.
Qg4+ Kh7 22. Nh5 Rxe1+ 23. Rxe1 Rg8 {BLACK RESIGNED} 24. Nxf6+ 1-0

[Event "Excaliburs-Kings"]
[Site "?"]
[Date "2003.04.30"]
[Round "?"]
[White "Friske, Tom"]
[Black "Melnikov, Igor"]
[Result "0-1"]
[WhiteElo "2056"]
[BlackElo "2031"]
[PlyCount "58"]

1. d4 Nf6 2. c4 e6 3. Nf3 d5 4. Bg5 Be7 5. e3 {Diagram # I've been interested
in this position for a year or so.  One of Black's methods to equalize is to
play Ne4. In normal QGD lines with White's Nc3, ...Ne4 leads to changes of two
pairs of minor pieces, gaining space and reducing White's pressure.  By
delaying Nc3, White hopes to show ...Ne4 a waste of time after Ne5 and f3.}
5... h6 6. Bh4 Ne4 7. Bxe7 Qxe7 {
Diagram # More simplification threats center around a possible ...Qb4+.} 8. Qc2
{Secures b2 and stops ...dc.} 8... c6 {Re-inforcing d5, but taking away his
Knight's best square.  In some lines, White can force open c-file after cd,
and win c8-Bishop.} 9. Bd3 f5 {Diagram # We've transposed to a Dutch Stonewall.
Black is not supposed to play ...Ne4 until it can capture something.  White is
close to his desire of playing Ne5 and f3.  Notice as well, the weakness of
Black's Kingside light squares, especially g6.} 10. Ne5 {
ideas of Ng6 or f3, but my intended reply to ...Qg5 is incorrect.} 10... Qg5 {
Diagram #} 11. g3 {I was happy with the position as after h4 I may be able to
get f3 in.  Problem being, g3 is weakened by the h4 move.  With all these
prepartory moves needed, Black gets time to develop and equalize.} ({
The intended} 11. f3 {allows the simple} 11... Qxe3+) (11. O-O {seemed to place
the King too early, but maybe White can use his better development. Nd2-f3 is
an obvious, but good, plan.}) 11... Nd7 12. f4 {A change in plan. I decide to
stack my Pawns in the center and see if I can make them count.} ({
Last move, I'd decided to play} 12. h4 Qf6 (12... Qh5 $4 13. Be2 {
traps the Queen}) (12... Qe7 $2 {or Qd8} 13. Ng6) 13. Nf3 {
and all I've done is wasted time, weakening my Kingside in the process.}) ({
Also looked at} 12. Nf3 Qh5 {but now my light squares would require care.})
12... Qf6 {With a belated draw offer.} ({I was wondering what the result from} 
12... Qh5 13. Be2 Qh3 {Diagram #} 14. Bf1 (14. Ng6 $2 Qg2 $1) 14... Qh5 15. Be2
$11) 13. Bxe4 {Diagram #} 13... dxe4 (13... Nxe5 $2 14. dxe5 {
The attack on Queen gives White a tempo to retreat Bishop, of course.}) 14. Nc3
Nxe5 {Diagram #} 15. dxe5 {Deciding best is to use my superior development to
be first onto open file.  Realized, however, Black will be able to trade down
to a Bishop vs Knight ending.  I was willing as most of my Pawns on dark
squares and expecting the blockaded squares favor the Knight.} 15... Qe7 16.
Rd1 Bd7 {Diagram #} 17. Kf2 (17. Rd6 {
with the idea of c5 may be stronger, but only if Black omits} 17... c5 {
which probably transposes back to game}) 17... c5 18. Rd6 O-O-O 19. Rhd1 {
Diagram # As envisioned at White's 13th move. The key here is can he build
enough pressure to d8 to force trades or pin Bd7?  The main hope was that the
Black King could be forced away from d8 protection.} 19... g5 {This was the
part I was undecided about at move 13.  Can Black attack by gf followed with
h5-4 ?} 20. Qd2 $1 {Diagram # Setting up another hit to Rd8 and Bd7, defending
by tying down Black's forces. In addition, if the e3 square becomes available,
the Queen may find it a good square to hit the loose c5-Pawn.  But White gets
a hidden benefit as well which should win the game!} 20... gxf4 21. exf4 Kc7 $6
{Diagram # Just the situation I've been waiting for! The tactics involved with
Qa5+ appear to win a Pawn.} ({Black can head for the better side of a draw with
} 21... Bc6 {as he has a passer and the Knight will take a couple moves to be
placed effectively.} 22. Rxd8+ Rxd8 23. Qxd8+ Qxd8 24. Rxd8+ Kxd8 25. Nd1 Ke7
26. Ne3 {Diagram # White would like to play g4, setting up gf and Nxf5.} 26...
h5 27. h3 Kf7 28. g4 hxg4 29. hxg4 {Diagram #} 29... Kg6 (29... fxg4 30. Nxg4
Kg6 31. Ke3 Kf5 32. Nf6 {Diagram # When Black runs out of Pawn moves, he will
have to abandon the e-Pawn.}) 30. gxf5+ exf5 {Diagram #} 31. Nd5 $2 Bxd5 32.
cxd5 {Black can make a second passer from his majority, but, if it's the
c-Pawn, the position is drawn as it's too close to the other passer.}) 22. Nb5+
Bxb5 {Discovering pressure to d8, so King must stay in contact!} 23. Qa5+ $1 {
still hits d8, but dodges stuff down d-file. Also looks at the loose a7 and c5
Pawns!} 23... Kc8 24. Qxb5 Qc7 {Diagram #} 25. b4 {
with idea of c5-6 opening the King position and setting up pin of Queen.} (25.
Qa4 {immediately appears to win the a7 or e6 Pawn.}) 25... b6 {Diagram #} 26.
Qa4 {Really does threaten Rc6, but Rxe6 is now possible since the Queen
protects the d1-Rook.} ({
An example of White's pressure (and why both sides need to be careful) is:} 26.
Qa6+ {Black must play} 26... Kb8 (26... Qb7 $4 27. Rxd8+ Rxd8 28. Rxd8+ Kxd8 (
28... Kc7 29. Rd7+) 29. Qxb7) 27. Qa4 {
Diagram # and now White threatens Rd7, followed by Qxa7#} 27... Rxd6 ({Best is
} 27... cxb4 {is unclear} 28. Qxb4 (28. Rd7 {Diagram #} 28... Qc5+ 29. Kg2 (29.
Ke2 Qxc4+) (29. Ke1 Qe3+ $11 (29... Qg1+ 30. Ke2 Qxh2+)) 29... Rxd7 30. Rxd7 a5
)) 28. Rxd6 Rd8 29. Rxe6 {
Diagram # White has won a Pawn without allowing Black a threat.} 29... Rd2+ 30.
Ke1 Qd8 $4 (30... Rxh2 $4 31. Qe8+ {Diagram #} 31... Qc8 (31... Kb7 $4 32. Re7)
32. Qf7 {and White wins the Queen after Re8 (whether check or not)}) 31. Re8)
26... Qb7 {Diagram #} 27. Rc6+ $6 {Due to lack of concentration, I simply
forget the second threat posed last move.  Due to a blindspot, I miss the
possibilities of the Black Queen invading down the diagonal.  But there's
definitely some lines that must be examined.  Unfortunately, I simply don't
realize they exist...} (27. Rxe6 e3+ 28. Kxe3 Qe4+ 29. Kf2 {Diagram #} 29...
Qxc4 30. Qc6+ Kb8 {Diagram #} 31. Re7) 27... Kb8 28. Rxd8+ Rxd8 {Diagram #} 29.
Rxe6 $4 {Diagram #} (29. Ke3 {stops Black's only attack, but gives time for}
29... Re8 30. Rc7 $1 {Diagram #} 30... Qxc7 (30... Kxc7 31. Qxe8) 31. Qxe8+ Kb7
32. Qxe6 cxb4 {
Diagram # I'd expect White's e-passer to cause trouble or trade of Queens.} 33.
Qxf5 Qxc4 34. Qxe4+ Qxe4+ 35. Kxe4 {White's passers are quicker.} 35... a5 36.
f5 Kc6 37. f6 Kd7 38. Kd5 {Diagram #} 38... a4 39. e6+ Ke8 40. Kc4 {wins})
29... e3+ {White can't stop mate or passer.} ({
White had only examined lines beginning with} 29... Rd2+ 30. Ke1 Rd8 (30...
Rxh2 $4 31. Re8+ {Diagram #} 31... Kc7 32. Re7+ Kd8 33. Rxb7) (30... Rd7 31.
Rxh6 {idea of Rh8+ and then Qxd7+, forcing an easy Pawn ending.}) 31. Rxh6) 0-1

[Event "ECC-CICL"]
[Site "?"]
[Date "2003.02.23"]
[Round "?"]
[White "Tennant, Steve"]
[Black "Sollano, Ely"]
[Result "0-1"]
[WhiteElo "2210"]
[BlackElo "1992"]
[PlyCount "120"]

1. d4 Nf6 2. c4 g6 3. Nc3 Bg7 4. e4 d6 5. f3 O-O 6. Be3 Nc6 7. Nge2 a6 {
Diagram # Black chooses the Panno Variation of the King's Indian. His main
plan is to sac the b-Pawn for Queenside activity.} 8. Qd2 b5 9. cxb5 axb5 10.
Nxb5 Na5 $1 {Diagram # threatening to win the exchange with ..Nb3! or
eliminate a White Bishop with ..Nc4.} 11. Nc1 c6 12. Nc3 Be6 {
Diagram # Nb3 threat is back.} 13. d5 cxd5 14. exd5 Bc8 {Diagram # Black
retreats, but declares progress as he has many Pawn targets and plenty of
space.} 15. Be2 Nd7 16. b4 Nb7 17. Bd4 Bf6 18. O-O {Diagram # After a series
of skirmishes in the center and Queenside, both sides begin transitional
middlegame manuevers to control space and take the initiative. White's main
objective is to roll his connected passed Pawns, which will doom Black if it
can be carried out effectively.} 18... Bxd4+ 19. Qxd4 Ra3 20. Nb5 Ra4 {
Diagram # attempting a blockade} 21. a3 Nf6 22. Nc3 Ra8 23. Nb3 {Diagram #}
23... e6 24. dxe6 Bxe6 25. Nd2 {Diagram #} 25... d5 26. a4 Nd6 27. Nb3 Nf5 $1 {
Diagram # Both of White's Queenside Pawns have reached the border and the
Knight returns to b3 to support the Pawn roller. Black finds a way to exploit
the momentary weakness of Nb3 and the b-Pawn by attacking White's Queen.} 28.
Qd3 ({If White attempts to stop the fork by covering b6 with} 28. Qf2 {
Black wins a piece with} 28... d4) ({Same problem after} 28. Qc5 d4) 28... Qb6+
29. Kh1 Qxb4 {Diagram #} 30. Nd2 Qh4 {After a radical change has occurred on
the board, it pays to examine the new position and look for new possibilities.
The combo Qh4, Ng3+, Nxf1 was not hard to spot once the Queen reached the 4th
rank.} 31. f4 {covering g3 with Queen} 31... Rfc8 {Diagram #} 32. Kg1 Nd6 33.
g3 Qh6 34. Bf3 Bf5 {Diagram # The moment of truth has arrived for Black:
Defend or counterattack ?  To defend at this stage of the conflict usually
results in eventual resignation.  So Black burns his bridges and  the battle
is joined!} 35. Qd4 Nde4 36. Nxd5 Nxd5 37. Nxe4 Ra5 38. Nd6 {Diagram # White
has regained his Pawn advantage, and now threatens Nxc8 or Bxd5.  Black has
planned a dodge:} 38... Rc2 {which threatens mate, of course.} 39. Rf2 Rxf2 40.
Qxf2 Be6 41. Qd2 Ra6 42. Nb5 Qf8 {Diagram # Re-activating his Queen. If White
plays Bxd5, Black makes good use of her with Qc5+, recovering piece and
exposing the opponent's King.} 43. Rc1 {
Stopping Qc5+, so Bxd5 is really a threat.} 43... Nf6 44. a5 Bd7 45. Nc7 Rd6
46. Qc3 Bg4 47. Bxg4 Nxg4 {Diagram # White mistakenly goes with Black's hopes.
He voluntarily removed the queening square's protector and weakened his King's
defence.} 48. Qf3 Qc8 {Diagram #} 49. Qc3 (49. a6 $2 Rxa6 $1 50. Nxa6 Qxc1+)
49... Qd7 {Diagram # Black has his hands full, but manages to defend the Knight
} 50. h3 {The active post of the g4-Knight gives Black some hope since White's
King can be attacked. The best Black can hope for, anyhow, is a draw, so it's
logical to force that result.} 50... Rd1+ {Perhaps White underestimated this
because his Rook Pawn is only three pushes away from glory. Nevertheless, the
doubling of Black's heavies gave him winning threats, just like that!  Black
took his time, especially against a worthy opponent rated over 2200. One wrong
move could turn things around!} 51. Kg2 Rd2+ 52. Kg1 Rd3 {
Diagram # Maybe White missed this intermidiary move.} 53. Qe1 {
White had to cover g3.} 53... Qd4+ {but now the mating net surrounds the King.}
54. Kh1 Ne3 {Diagram # threat is Qe4+-g2#} 55. Kg1 $4 (55. Qg1 $4 Qe4+ 56. Kh2
Rd2+ {and mate next}) (55. Qe2 $1 Rd2 (55... Qe4+ $2 56. Kg1 {White survives})
56. Qf3 {Diagram # and White holds on} 56... Qb2 57. Re1 Rh2+ 58. Kg1 Rg2+ {
with "only" a perpetual}) 55... Nf5+ 56. Kh2 Qb2+ {Diagram #} 57. Kh1 (57. Kg1
Rxg3+ 58. Kh1 (58. Kf1 Qg2#) 58... Qg2#) 57... Nxg3+ 58. Kg1 Ne2+ 59. Kh1 {
Diagram #} 59... Rxh3+ {No need to be greedy!} 60. Kg2 Nxf4+ {
Diagram # WHITE RESIGNED  as Qg2# is next} 0-1

[Event "Kings-Excaliburs"]
[Site "?"]
[Date "2003.04.30"]
[Round "?"]
[White "Wolf, Dan"]
[Black "Inumerable, Florin"]
[Result "1-0"]
[WhiteElo "2332"]
[BlackElo "2260"]
[PlyCount "65"]

1. e4 g6 2. d4 Bg7 3. Nc3 d6 4. Be3 Nf6 5. f3 c6 6. Qd2 h5 7. O-O-O b5 8. Kb1
b4 9. Nce2 a5 10. Nc1 Nbd7 11. Nh3 Nb6 12. Ng5 Qc7 13. h4 Bd7 14. Be2 c5 15. e5
Nfd5 16. dxc5 dxc5 17. f4 e6 18. Ne4 Bf8 19. c4 bxc3 20. Nxc3 Nxc3+ 21. Qxc3
Nd5 22. Rxd5 exd5 23. e6 Bxe6 24. Qxh8 d4 25. Bb5+ Ke7 26. Bd2 Qb7 27. a4 Qxg2
28. Rf1 f6 29. Qh7+ Kd6 30. Ka1 Bg4 31. f5 Qh3 32. Qd7+ Ke5 33. Qe6# 1-0

[Event "Kings-Excaliburs"]
[Site "?"]
[Date "2003.04.30"]
[Round "?"]
[White "Wallach, Cliff"]
[Black "Sollano, Ely"]
[Result "1/2-1/2"]
[WhiteElo "2001"]
[BlackElo "1992"]
[PlyCount "63"]

1. e4 c5 2. Nf3 Nc6 3. d4 cxd4 4. Nxd4 Qc7 5. Be3 e6 6. Nc3 a6 7. Be2 b5 8. O-O
Bb7 9. Nb3 Rc8 10. f4 Na5 11. Nxa5 Qxa5 12. Bf3 Qb4 13. Rb1 Bc5 14. Qd2 Bxe3+
15. Qxe3 Ne7 16. Rfd1 Qc5 17. Qxc5 Rxc5 18. Rd2 b4 19. Ne2 d5 20. Rbd1 O-O 21.
e5 Nf5 22. Kf2 Rfc8 23. c3 bxc3 24. Nxc3 h6 25. g4 Nh4 26. Rd4 Nxf3 27. Kxf3
Rc4 28. Ke3 Kf8 29. h4 Ke7 30. R1d3 R8c7 31. Rd2 Bc8 32. R2d3 1/2-1/2

[Event "Excaliburs-Kings"]
[Site "?"]
[Date "2003.04.30"]
[Round "?"]
[White "Sullivan, Jim"]
[Black "Samelson, Chris"]
[Result "1-0"]
[WhiteElo "1811"]
[BlackElo "1919"]
[PlyCount "54"]

1. d4 e6 2. c4 Nf6 3. Nc3 d5 4. e3 Be7 5. Nf3 b6 6. Be2 Bb7 7. O-O dxc4 8. Bxc4
O-O 9. a3 c5 10. Qe2 Qc7 11. h3 Rc8 12. Bd3 a6 13. dxc5 Bxc5 14. Rd1 Nc6 15. b4
Bd6 16. Bb2 Ne5 17. Rac1 Nxf3+ 18. gxf3 Qe7 19. f4 e5 20. Bf5 Rd8 21. f3 exf4
22. e4 g6 23. Qg2 Kh8 24. Nd5 Bxd5 25. Rxd5 Kg8 26. Qg5 Nxd5 27. Qh6 Be5 1-0

[Event "Kings-Excaliburs"]
[Site "?"]
[Date "2003.04.30"]
[Round "?"]
[White "Piparia, Jankesh"]
[Black "Kogan, Greg"]
[Result "1-0"]
[WhiteElo "1911"]
[BlackElo "1807"]
[PlyCount "79"]

1. e4 c5 2. Nf3 d6 3. d4 cxd4 4. Nxd4 Nf6 5. Nc3 a6 6. Be2 Nc6 7. O-O e6 8. a4
Be7 9. Be3 O-O 10. f4 Re8 11. Nxc6 bxc6 12. e5 Nd5 13. Nxd5 exd5 14. c4 dxe5
15. fxe5 Bg5 16. Bd4 Be6 17. c5 Rf8 18. Bd3 f6 19. Qe2 f5 20. Bxa6 Qa5 21. Bd3
Qb4 22. Qf2 Rxa4 23. Bc3 Qh4 24. Qxh4 Rxh4 25. g3 Rh6 26. Bd4 f4 27. h4 Bxh4
28. gxh4 Rxh4 29. Bf2 Rh5 30. Ra6 Bh3 31. Re1 f3 32. e6 Bg2 33. Bd4 Re8 34.
Rxc6 Rh6 35. Rc7 Rexe6 36. Rxg7+ Kf8 37. Rxe6 Rxe6 38. Kf2 Rh6 39. Rxh7 Rc6 40.
Rd7 1-0

[Event "Excaliburs-Kings"]
[Site "?"]
[Date "2003.04.30"]
[Round "?"]
[White "Weitz, Ron"]
[Black "Cygan, Joe"]
[Result "0-1"]
[WhiteElo "1626"]
[BlackElo "1814"]
[PlyCount "54"]

1. e4 c5 2. c4 Nc6 3. g3 g6 4. Bg2 Bg7 5. Nc3 d6 6. Nge2 e6 7. O-O Nge7 8. Kh1
O-O 9. d3 a6 10. a3 Rb8 11. Rb1 b5 12. b3 b4 13. Na4 Bd7 14. f4 Re8 15. e5 dxe5
16. Nxc5 Bc8 17. a4 exf4 18. Bxf4 e5 19. Bg5 f5 20. Bxc6 Qc7 21. Bxe8 Qxc5 22.
d4 exd4 23. Bxe7 Bb7+ 24. Kg1 Qxe7 25. Re1 Qe3+ 26. Kf1 Qf3+ 27. Kg1 Qg2# 0-1

[Event "Excaliburs-Kings"]
[Site "?"]
[Date "2003.04.30"]
[Round "?"]
[White "Brotsos, Jim"]
[Black "Goncharoff, Nic"]
[Result "0-1"]
[WhiteElo "1531"]
[BlackElo "1681"]
[PlyCount "82"]

1. e4 c5 2. Nf3 a6 3. d4 cxd4 4. Nxd4 e5 5. Nf3 d6 6. c4 Nf6 7. Nc3 h6 8. Bd3
Be7 9. O-O O-O 10. Qe2 Bg4 11. h3 Bh5 12. g4 Bg6 13. b3 Nc6 14. Bb2 Rc8 15.
Rad1 Qc7 16. Bb1 Nd8 17. Nd5 Nxd5 18. Rxd5 Ne6 19. Bc1 Qd8 20. Nxe5 Qc7 21. Nf3
Qb8 22. Rfd1 Nc7 23. R5d4 Ne6 24. Rd5 Rc6 25. Bc2 b6 26. Nd4 Rcc8 27. Nf5 Bxf5
28. exf5 Nc7 29. R5d4 (29. Qxe7 Nxd5 30. Rxd5) 29... Rfe8 30. Bf4 Bf6 31. Re4
Rxe4 32. Qxe4 Ne8 33. Qe3 Kh7 34. Qg3 Rd8 35. g5 hxg5 36. Bxg5 Bxg5 37. Qxg5
Nf6 38. Rd4 Re8 39. Qg3 Re1+ 40. Kg2 Qb7+ 41. Kh2 Qh1# 0-1

[Event "Kings-Kemper"]
[Site "?"]
[Date "2003.02.26"]
[Round "?"]
[White "Melnikov, Igor"]
[Black "Siwek, Mark"]
[Result "0-1"]
[WhiteElo "2032"]
[BlackElo "1985"]
[PlyCount "26"]

1. d4 Nf6 2. c4 e6 3. Nc3 d5 4. Bg5 Nbd7 5. Nf3 c6 6. e3 Qa5 7. Nd2 Bb4 8. Qb3
dxc4 9. Nxc4 Bxc3+ 10. bxc3 Qxg5 11. Nd6+ Ke7 12. Nxb7 Bxb7 13. Qxb7 Rhc8 0-1

[Event "Kemper-Kings"]
[Site "?"]
[Date "2003.02.26"]
[Round "?"]
[White "Leong, Gee"]
[Black "Wallach, Cliff"]
[Result "1-0"]
[WhiteElo "1970"]
[BlackElo "2037"]
[PlyCount "46"]

1. Nf3 d5 2. g3 Nf6 3. Bg2 Bf5 4. d3 Nbd7 5. O-O e5 6. Nh4 Bg4 7. c4 c6 8. cxd5
Nxd5 9. Re1 Be7 10. Nf3 O-O 11. Nc3 Re8 12. Nxd5 cxd5 13. Qb3 Be6 14. Bd2 Nc5
15. Qd1 e4 16. Nd4 exd3 17. Nxe6 fxe6 18. exd3 Bf6 19. Bc3 d4 20. Bb4 Qb6 21.
Bxc5 Qxc5 22. Qb3 Qe7 23. Rxe6 Qf7 1-0

[Event "Kemper-Kings"]
[Site "?"]
[Date "2003.02.26"]
[Round "?"]
[White "Hughes, Norm"]
[Black "Piparia, Jankesh"]
[Result "0-1"]
[WhiteElo "1735"]
[BlackElo "1877"]
[PlyCount "46"]

1. d4 d5 2. c4 Nf6 3. g3 e6 4. Bg2 c6 5. Nd2 Be7 6. Ngf3 O-O 7. O-O c5 8. cxd5
Nxd5 9. dxc5 Bxc5 10. Qb3 Nc6 11. Nc4 Qe7 12. Rd1 b6 13. a3 Bb7 14. Qc2 b5 15.
Ncd2 Rac8 16. Nb3 Bb6 17. Qd3 a6 18. Ng5 g6 19. e4 Ne5 20. Qe2 Nf6 21. Be3 Bxe3
22. Qxe3 Nfg4 23. Qe2 Qxg5 0-1

[Event "Kings-Kemper"]
[Site "?"]
[Date "2003.02.26"]
[Round "?"]
[White "Goncharoff, Nic"]
[Black "Wang, Gary"]
[Result "1-0"]
[WhiteElo "1661"]
[BlackElo "1646"]
[PlyCount "61"]

1. e4 c5 2. Nf3 e6 3. Nc3 Nc6 4. a3 a6 5. Bc4 b5 6. Ba2 Bb7 7. d3 Bd6 8. O-O
Bc7 9. h3 Nge7 10. Be3 Bb6 11. Ne2 h6 12. Ng3 Qc7 13. Re1 O-O-O 14. Qe2 d5 15.
exd5 Nxd5 16. Bxd5 Rxd5 17. c4 Rd7 18. cxb5 axb5 19. Rac1 Rhd8 20. Bxc5 Rxd3
21. Bxb6 Qxb6 22. Ne4 (22. Ne5) 22... Kb8 23. Nc5 R3d5 24. Nxb7 Kxb7 25. Rc2
Nd4 26. Nxd4 Rxd4 27. Qf3+ Ka7 28. Qxf7+ R8d7 29. Qxe6 Qxe6 30. Rxe6 Rd2 31.
Re2 1-0